00350nam a2200145Ia 4500008004100000020001500041041001200056082001100068100001600079245005400095250000800149260003200157300000800189650000700197221030s9999 xx 000 0 und d a8173194283 aEnglish a105.23 aG. K. Dubey 0aFundamentals of Electrical Drivescby G. K. Dubey a2nd bNarosa PubaNew Delhic2011 a392 aEE